000 00491pab a2200181 454500
008 180718b2008 xxu||||| |||| 00| 0 eng d
100 _aMalghan, Deepak
245 _aMaterial and moral foundations of India's Africa policy
260 _c2008
300 _ap.21-24.
362 _a10 May
650 _aIndia - Foreign relations - Africa
650 _aInternational relations
700 _aSwaminathan, Hema
773 _aEconomic and Political Weekly
908 _aN
909 _a77975
999 _c77975
_d77975